| 000 | 00572nam a22001817a 4500 | ||
|---|---|---|---|
| 999 |
_c160753 _d160753 |
||
| 005 | 20190214122709.0 | ||
| 010 | _aENG-124793 | ||
| 020 | _c195.00 | ||
| 035 | _aEN-108325 | ||
| 037 | _bDBAD/PUB | ||
| 082 | _a004 | ||
| 100 | _a Bittu Kumar | ||
| 245 |
_aA to Z of internet: _beverything you wanted to know/ _cby Bittu Kumar |
||
| 260 |
_aNew Delhi _bV&S Publishers _c2017 |
||
| 270 |
_aF-2/16, Ansari Road, Daryaganj _bNew Delhi _e110002 _k011-23240026, 011-23240027 _minfo@vspublishers.com |
||
| 300 |
_a88p. _c23cm(Pbk) |
||
| 942 |
_2ddc _cEN _h004 _mBIT |
||